| 000 | 00377nam a2200157Ia 4500 | ||
|---|---|---|---|
| 003 | GCL | ||
| 008 | 140319s9999 xx 000 0 eng d | ||
| 040 |
_aGCL / _cGCL |
||
| 082 | 0 | 4 |
_a686 _bR E |
| 100 | 1 | _aROGERS, CEOFFREY | |
| 245 | 1 | 0 |
_aEDITION FOR PRINT / _cROGERS, CEOFFREY |
| 260 |
_a[S.N] : _bMACDONALD ، _c1986 |
||
| 300 | _a159 | ||
| 650 | 0 | 4 | _aBOOKS |
| 942 |
_2ddc _cBK |
||
| 999 |
_c17258 _d17258 |
||